[Event "SV Letmathe 1 - Südlohner SV 1"]
[Site "NRW-Klasse. Gruppe 2 2017/201"]
[Date "2018.03.11"]
[Round "7.1"]
[White "Doennebrink, Elmar"]
[Black "Kolosowski, Mateusz"]
[Result "0-1"]
[WhiteElo "2060"]
[BlackElo "2434"]
[PlyCount "68"]
[EventDate "2018.??.??"]
[WhiteTeam "Südlohner SV 1"]
[BlackTeam "SV Letmathe 1"]

1. e4 c5 2. Nf3 e6 3. d4 cxd4 4. Nxd4 a6 5. Bd3 Nf6 6. g4 d5 7. e5 Nfd7 8. Bf4
g5 9. Bg3 Bg7 10. Qe2 Qc7 11. Nf3 Nc6 12. Nxg5 Ndxe5 13. Nd2 Nd4 14. Qd1 Nxd3+
15. cxd3 Qc2 16. O-O Qxd3 17. f4 Bd7 18. Ngf3 Bc6 19. Ne5 Bxe5 20. fxe5 Rg8 21.
Rf2 h5 22. gxh5 Nf5 23. Nf1 Qe4 24. Qe1 Qh4 25. Rc1 d4 26. Rxc6 bxc6 27. Qc1
Rc8 28. Qc4 Qxh5 29. Qxa6 Kd7 30. Qa7+ Rc7 31. Qc5 Qg4 32. b4 Qe4 33. Rd2 Qd5
34. Qc1 Nh4 0-1

[Event "SV Letmathe 1 - Südlohner SV 1"]
[Site "NRW-Klasse. Gruppe 2 2017/201"]
[Date "2018.03.11"]
[Round "7.3"]
[White "Engels, Natia"]
[Black "Adamski, Jan"]
[Result "1/2-1/2"]
[WhiteElo "2005"]
[BlackElo "2229"]
[PlyCount "34"]
[EventDate "2018.??.??"]
[WhiteTeam "Südlohner SV 1"]
[BlackTeam "SV Letmathe 1"]

1. d4 Nf6 2. c4 e6 3. g3 c5 4. d5 exd5 5. cxd5 d6 6. Nc3 g6 7. Bg2 Bg7 8. Nf3
O-O 9. O-O a6 10. a4 Re8 11. Nd2 Nbd7 12. e4 Rb8 13. a5 b5 14. axb6 Nxb6 15. h3
Nfd7 16. f4 f5 17. g4 fxg4 1/2-1/2

[Event "SV Letmathe 1 - Südlohner SV 1"]
[Site "NRW-Klasse. Gruppe 2 2017/201"]
[Date "2018.03.11"]
[Round "7.4"]
[White "Schleining, Zoya"]
[Black "Funke, Reinhard"]
[Result "1/2-1/2"]
[WhiteElo "2376"]
[BlackElo "2027"]
[PlyCount "61"]
[EventDate "2018.??.??"]
[WhiteTeam "SV Letmathe 1"]
[BlackTeam "Südlohner SV 1"]

1. d4 d5 2. c4 e6 3. Nc3 Be7 4. Nf3 Nf6 5. Bf4 O-O 6. e3 c5 7. dxc5 Bxc5 8. Qc2
Nc6 9. Be2 Nb4 10. Qb1 dxc4 11. Bxc4 a6 12. O-O b5 13. Bb3 Bb7 14. Rd1 Qb6 15.
a3 Nbd5 16. Bxd5 Nxd5 17. Nxd5 Bxd5 18. b4 Be7 19. e4 Bc6 20. Ne5 Rfd8 21. Qc2
Be8 22. Rac1 a5 23. Be3 Qb7 24. Rxd8 Bxd8 25. Bc5 f6 26. Nf3 axb4 27. Bxb4 Bb6
28. e5 Rd8 29. exf6 gxf6 30. h3 Qd5 31. Re1 1/2-1/2

[Event "SV Letmathe 1 - Südlohner SV 1"]
[Site "NRW-Klasse. Gruppe 2 2017/201"]
[Date "2018.03.11"]
[Round "7.5"]
[White "Teloeken, Daniel"]
[Black "Soukup, Jiri"]
[Result "0-1"]
[WhiteElo "1960"]
[BlackElo "2355"]
[Annotator "Daniel"]
[PlyCount "128"]
[EventDate "2018.??.??"]
[WhiteTeam "Südlohner SV 1"]
[BlackTeam "SV Letmathe 1"]

1. c4 e5 2. g3 f5 3. Bg2 Nf6 4. Nc3 c6 5. e3 d6 6. d4 Qc7 7. Nge2 Be6 8. b3 Be7
9. O-O O-O 10. Ba3 Na6 11. Rc1 Rad8 12. Qc2 g5 13. Qd2 Bf7 14. e4 f4 15. f3 h5
16. Nd1 d5 17. Bxe7 Qxe7 18. cxd5 cxd5 19. dxe5 Nxe4 20. fxe4 dxe4 21. Qb2 f3
22. Bxf3 exf3 23. Rxf3 Qb4 24. e6 Bxe6 25. Rxf8+ Rxf8 26. Ne3 Qe4 27. Qd4 Qxd4
28. Nxd4 Bh3 29. Nb5 Re8 30. Kf2 Nb4 31. Rd1 Re5 32. a4 Rc5 33. g4 Bxg4 34.
Nxg4 hxg4 35. Kg3 Nd5 36. Rd4 Nf6 37. b4 Rc6 38. Nxa7 Ra6 39. Nb5 Rxa4 40. Nd6
Ra3+ 41. Kg2 Kg7 42. Nxb7 Kg6 43. Nd6 $11 Nh5 44. Nc4 Rc3 45. Nd2 Nf4+ 46. Kf2
Rh3 47. Nf1 Rf3+ 48. Ke1 Rb3 49. Nd2 Re3+ 50. Kd1 Rh3 51. Nf1 Rf3 52. Ng3 Kf6
53. Re4 Ra3 54. Ne2 Kf5 55. Rc4 Nxe2 56. Kxe2 Ra2+ 57. Ke3 Rxh2 58. Rc5+ Kg6
59. b5 Rb2 60. Rc6+ Kh5 61. b6 g3 62. Kf3 g2 63. Rc1 Kh4 64. Rc4+ Kh3 0-1

[Event "SV Letmathe 1 - Südlohner SV 1"]
[Site "NRW-Klasse. Gruppe 2 2017/201"]
[Date "2018.03.11"]
[Round "7.6"]
[White "Gruermann, Martin"]
[Black "Darwisch, Khaled"]
[Result "0-1"]
[WhiteElo "2201"]
[BlackElo "2078"]
[Annotator "Daniel"]
[PlyCount "114"]
[EventDate "2018.??.??"]
[WhiteTeam "SV Letmathe 1"]
[BlackTeam "Südlohner SV 1"]

1. e4 d6 2. d4 g6 3. Nc3 Bg7 4. Nf3 Nf6 5. Be3 O-O 6. Qd2 Ng4 7. Bg5 h6 8. Bh4
c6 9. h3 Nf6 10. Bd3 Nbd7 11. e5 dxe5 12. dxe5 Nd5 13. Bg3 Nc5 14. O-O-O Qb6
15. Nxd5 cxd5 16. Bf4 Nxd3+ 17. cxd3 g5 18. Be3 Qa6 19. Kb1 Bf5 20. g4 Bg6 21.
Bd4 f6 22. h4 Rac8 23. hxg5 fxg5 24. Qe3 Rf4 25. Nh4 Rxg4 26. Nxg6 Qxg6 27.
Bxa7 Qf5 28. Rhe1 Rcc4 29. Qb6 Rc8 30. Qxb7 d4 $11 31. Qd5+ e6 32. Qd7 Rc4 33.
Ka1 Rc2 34. Bxd4 Rf4 35. Re4 Rf3 36. Bc3 Rfxf2 37. Ree1 g4 38. Bd4 Rf3 39. Qa4
Rh2 40. Rc1 Rxd3 41. Bg1 Rhd2 42. a3 g3 43. Rc7 g2 44. Bh2 Qh5 45. Qa7 Rd1+ 46.
Ka2 Qg6 47. Rc1 Rxe1 48. Rxe1 Qg4 49. Qf2 Rf3 50. Qe2 Bf8 51. Qc2 Rf1 52. Qc1
Rxe1 53. Qxe1 Qc4+ 54. b3 Qc2+ 55. Ka1 Bxa3 56. Qb1 Qxb1+ 57. Kxb1 Bc5 0-1

[Event "SV Letmathe 1 - Südlohner SV 1"]
[Site "NRW-Klasse. Gruppe 2 2017/201"]
[Date "2018.03.11"]
[Round "7.7"]
[White "Hater, Wolfgang"]
[Black "Pfleger, Sascha"]
[Result "1-0"]
[WhiteElo "1993"]
[BlackElo "1999"]
[PlyCount "67"]
[EventDate "2018.??.??"]
[WhiteTeam "Südlohner SV 1"]
[BlackTeam "SV Letmathe 1"]

1. e4 e6 2. d3 d5 3. Nd2 Nf6 4. Ngf3 b5 5. exd5 Nxd5 6. Ne4 Be7 7. d4 a6 8. a4
bxa4 9. Rxa4 Bb7 10. Ra1 Nd7 11. Be2 O-O 12. O-O Nb4 13. Ng3 c5 14. c3 Nd5 15.
Re1 Qc7 16. Bd3 cxd4 17. Nxd4 N7f6 18. Qe2 Bc5 19. Nb3 a5 20. Nxc5 Qxc5 21. Ne4
Qc6 22. c4 Ne7 23. Nxf6+ gxf6 24. Qg4+ Kh8 25. Be4 Qxc4 26. Qf3 Bxe4 27. Qxf6+
Kg8 28. Qxe7 f6 29. Ra3 Rae8 30. Qd6 Rd8 31. Qf4 Rd4 32. Rc3 Qd5 33. Be3 Rd1
34. Qg4+ 1-0

[Event "SV Letmathe 1 - Südlohner SV 1"]
[Site "NRW-Klasse. Gruppe 2 2017/201"]
[Date "2018.03.11"]
[Round "7.8"]
[White "Hunold, Rolf"]
[Black "Schmeing, Walter"]
[Result "1-0"]
[WhiteElo "1943"]
[BlackElo "1991"]
[PlyCount "97"]
[EventDate "2018.??.??"]
[WhiteTeam "SV Letmathe 1"]
[BlackTeam "Südlohner SV 1"]

1. e4 e5 2. Nf3 Nc6 3. d4 exd4 4. Bc4 Be7 5. c3 Nf6 6. e5 Ne4 7. cxd4 d5 8. Bb5
Bd7 9. Ba4 Nb4 10. Bxd7+ Qxd7 11. O-O O-O 12. a3 Na6 13. b4 c6 14. Ne1 f5 15.
f3 Ng5 16. Bxg5 Bxg5 17. f4 Be7 18. Nd2 Nc7 19. Nb3 Ne6 20. Nd3 Bd8 21. Ndc5
Qe7 22. Qd3 g6 23. Nxe6 Qxe6 24. Rfc1 Bb6 25. Nc5 Qe7 26. Rab1 Rfc8 27. Rc2 a6
28. g3 Bd8 29. Rbc1 Bb6 30. Kg2 Kf7 31. Qe3 Bxc5 32. Rxc5 Ke6 33. Qb3 Qd8 34.
a4 Qb6 35. R1c3 Qa7 36. Kh3 Qb6 37. b5 axb5 38. axb5 Rab8 39. Qc2 Kd7 40. e6+
Kxe6 41. bxc6 Kf7 42. Rb3 Qa6 43. c7 Ra8 44. Qg2 Kg7 45. Re3 Qd6 46. Qe2 Kh6
47. Re6 Qd7 48. Qe5 Ra6 49. Re7 1-0

[Event "SF Essen-Katernberg  2 - SC Siegburg 1"]
[Site "NRW-Klasse. Gruppe 2 2017/201"]
[Date "2018.03.11"]
[Round "7.1"]
[White "Arzumanian, Georgy"]
[Black "Bee, Marcus"]
[Result "1/2-1/2"]
[WhiteElo "2393"]
[BlackElo "2109"]
[PlyCount "114"]
[EventDate "2018.??.??"]
[WhiteTeam "SC Siegburg 1"]
[BlackTeam "SF Essen-Katernberg  2"]

1. g3 e5 2. c4 d6 3. Bg2 f5 4. Nc3 Nf6 5. b4 Be7 6. Nf3 O-O 7. O-O c6 8. b5 Kh8
9. d3 Qe8 10. a4 a5 11. bxc6 bxc6 12. c5 Na6 13. Ba3 Nb4 14. Na2 e4 15. dxe4
Nxe4 16. Nxb4 axb4 17. Bxb4 dxc5 18. Be1 Bf6 19. Ra3 Be6 20. Qc2 Qb8 21. Nd2
Qb2 22. Qxb2 Bxb2 23. Re3 Rxa4 24. Nxe4 fxe4 25. Bxe4 Bd4 26. Bxc6 Bxe3 27.
Bxa4 Bh3 28. Bb3 Bxf1 29. Kxf1 Bd4 30. Bc4 g6 31. Bd3 Kg7 32. h4 Ra8 33. e3 Bf6
34. Ke2 Ra2+ 35. Kf3 Ra3 36. Ke2 Bc3 37. Bxc3+ Rxc3 38. Kd2 Ra3 39. Bc4 Kf6 40.
Bg8 h6 41. Bc4 Ke5 42. Bf7 g5 43. hxg5 hxg5 44. Ke2 g4 45. f3 gxf3+ 46. Kxf3
Rc3 47. Ke2 Rc2+ 48. Kd3 Rg2 49. Kc4 Kd6 50. e4 Rc2+ 51. Kd3 Rc1 52. Bd5 Rd1+
53. Kc4 Rd4+ 54. Kc3 Ke5 55. Kc2 Ra4 56. Kc3 Rb4 57. Kd3 Rd4+ 1/2-1/2

[Event "SF Essen-Katernberg  2 - SC Siegburg 1"]
[Site "NRW-Klasse. Gruppe 2 2017/201"]
[Date "2018.03.11"]
[Round "7.2"]
[White "Gassmann, Volker"]
[Black "Andreev, Eduard"]
[Result "1/2-1/2"]
[WhiteElo "2107"]
[BlackElo "2383"]
[PlyCount "44"]
[EventDate "2018.??.??"]
[WhiteTeam "SF Essen-Katernberg  2"]
[BlackTeam "SC Siegburg 1"]

1. d4 Nf6 2. c4 c5 3. Nf3 cxd4 4. Nxd4 Nc6 5. Nc3 e6 6. e3 Be7 7. Be2 O-O 8.
O-O Nxd4 9. exd4 d5 10. cxd5 Nxd5 11. Bf3 Nxc3 12. bxc3 Qc7 13. Qd3 Rb8 14. c4
b6 15. Be3 Ba6 16. Rfc1 Rbc8 17. Be2 Bd6 18. h3 e5 19. Qf5 exd4 20. Bxd4 Rfe8
21. c5 Bh2+ 22. Kh1 Rxe2 1/2-1/2

[Event "SF Essen-Katernberg  2 - SC Siegburg 1"]
[Site "NRW-Klasse. Gruppe 2 2017/201"]
[Date "2018.03.11"]
[Round "7.3"]
[White "Schmidt, Bodo"]
[Black "Dette, Jan"]
[Result "1-0"]
[WhiteElo "2285"]
[BlackElo "2094"]
[PlyCount "81"]
[EventDate "2018.??.??"]
[WhiteTeam "SC Siegburg 1"]
[BlackTeam "SF Essen-Katernberg  2"]

1. d4 e6 2. Nf3 f5 3. c4 Nf6 4. g3 d5 5. Bg2 c6 6. Nc3 Bd6 7. Bf4 Bxf4 8. gxf4
Ne4 9. e3 Nd7 10. Ne5 Nxe5 11. dxe5 Nxc3 12. bxc3 Qa5 13. Qb3 Bd7 14. O-O b5
15. cxd5 cxd5 16. Bxd5 exd5 17. Qxd5 O-O-O 18. e6 Qb6 19. exd7+ Rxd7 20. Qxf5
Qg6+ 21. Qxg6 hxg6 22. Rfd1 Rc7 23. Rd5 Rh5 24. Rxh5 gxh5 25. a4 Rxc3 26. axb5
Kb7 27. Rd1 Kb6 28. Rd5 g6 29. h4 Rc1+ 30. Kg2 Rb1 31. Kf3 Rh1 32. Kg2 Rxh4 33.
f3 Ka5 34. Rd1 Kxb5 35. Kg3 g5 36. fxg5 Rc4 37. f4 a5 38. g6 a4 39. Kh4 a3 40.
g7 Rc8 41. Kxh5 1-0

[Event "SF Essen-Katernberg  2 - SC Siegburg 1"]
[Site "NRW-Klasse. Gruppe 2 2017/201"]
[Date "2018.03.11"]
[Round "7.4"]
[White "Schimnatkowski, Lukas"]
[Black "Kolkin, Michail"]
[Result "0-1"]
[WhiteElo "2082"]
[BlackElo "2311"]
[PlyCount "116"]
[EventDate "2018.??.??"]
[WhiteTeam "SF Essen-Katernberg  2"]
[BlackTeam "SC Siegburg 1"]

1. e4 c5 2. Nf3 Nc6 3. c3 d5 4. exd5 Qxd5 5. d4 e6 6. Be2 Nf6 7. O-O Be7 8.
dxc5 Qxd1 9. Rxd1 Bxc5 10. b4 Be7 11. a3 O-O 12. Nbd2 Rd8 13. Bb2 b6 14. Nb3
Rxd1+ 15. Rxd1 Bb7 16. c4 Rd8 17. Rxd8+ Nxd8 18. Nfd4 Nd7 19. Bc1 g6 20. Be3 a6
21. f3 e5 22. Nc2 Bc6 23. Ne1 Ba4 24. Nd2 Ne6 25. Ne4 Nd4 26. Bf1 Bc6 27. Nc3
a5 28. Nb5 Bxb5 29. cxb5 axb4 30. axb4 Bxb4 31. Nd3 Bd6 32. Nb2 Nf5 33. Bd2
Bc5+ 34. Kh1 Nd6 35. Nd3 Kf8 36. Nxc5 bxc5 37. Ba5 Ke7 38. Kg1 Ke6 39. Bc7 Kd5
40. Kf2 Nb7 41. Bd3 f5 42. g4 e4 43. Bb1 Kd4 44. Bf4 c4 45. gxf5 gxf5 46. Bh6
Nd6 47. b6 Kd5 48. Bf4 Nxb6 49. Bxd6 Kxd6 50. fxe4 f4 51. e5+ Kxe5 52. Bxh7 Nd5
53. Kf3 Ne3 54. h4 c3 55. Ke2 Nf5 56. Bg8 f3+ 57. Kd1 f2 58. Bc4 Ne3+ 0-1

[Event "SF Essen-Katernberg  2 - SC Siegburg 1"]
[Site "NRW-Klasse. Gruppe 2 2017/201"]
[Date "2018.03.11"]
[Round "7.5"]
[White "Varitski, Igor"]
[Black "Krueger, Erich"]
[Result "1/2-1/2"]
[WhiteElo "2220"]
[BlackElo "2046"]
[PlyCount "128"]
[EventDate "2018.??.??"]
[WhiteTeam "SC Siegburg 1"]
[BlackTeam "SF Essen-Katernberg  2"]

1. e4 c6 2. d4 d5 3. Nc3 dxe4 4. Nxe4 Bf5 5. Ng3 Bg6 6. Nh3 Nf6 7. Nf4 e5 8.
Nxg6 hxg6 9. dxe5 Qxd1+ 10. Kxd1 Ng4 11. Ne4 Nxe5 12. Bf4 Nbd7 13. c3 f6 14.
Kc2 g5 15. Bg3 Be7 16. Re1 O-O-O 17. Nxg5 fxg5 18. Bxe5 Nxe5 19. Rxe5 Bf6 20.
Re4 Rd6 21. Be2 Rhd8 22. Rd1 Rxd1 23. Bxd1 Kc7 24. Bg4 Rh8 25. h3 Rd8 26. a4 a5
27. Re3 Rd6 28. Re8 Rd8 29. Re4 Rd6 30. f4 Rd8 31. g3 Kb6 32. fxg5 Bxg5 33. Re2
Bf6 34. h4 Rd5 35. Bf3 Re5 36. Be4 Kc5 37. Kd3 b5 38. axb5 cxb5 39. Rh2 Re7 40.
g4 b4 41. g5 Rd7+ 42. Kc2 Be5 43. Rf2 bxc3 44. bxc3 Kc4 45. Bf5 Rd6 46. Rf3 a4
47. Bd3+ Kd5 48. Bb5 Ke4 49. Rf1 a3 50. Ra1 Ke3 51. Rxa3 Rd2+ 52. Kb3 Rh2 53.
Ra4 Bf4 54. Ra7 Be5 55. Re7 Kf4 56. Rf7+ Kg4 57. g6 Rxh4 58. Bd3 Rh8 59. Rb7
Kg5 60. c4 Rb8 61. Rxb8 Bxb8 62. Kb4 Kf6 63. Kc5 Ke7 64. Kc6 Kd8 1/2-1/2

[Event "SF Essen-Katernberg  2 - SC Siegburg 1"]
[Site "NRW-Klasse. Gruppe 2 2017/201"]
[Date "2018.03.11"]
[Round "7.7"]
[White "Steffens, Klaus"]
[Black "Nautsch, Werner"]
[Result "1/2-1/2"]
[WhiteElo "1864"]
[BlackElo "2065"]
[PlyCount "31"]
[EventDate "2018.??.??"]
[WhiteTeam "SC Siegburg 1"]
[BlackTeam "SF Essen-Katernberg  2"]

1. Nf3 g6 2. d4 Bg7 3. g3 d6 4. Bg2 Nf6 5. O-O O-O 6. b3 c5 7. e3 Nbd7 8. Bb2
Rb8 9. c4 a6 10. Nbd2 b5 11. Qe2 b4 12. Ne1 Qc7 13. Nd3 e6 14. dxc5 dxc5 15. e4
Rd8 16. f4 1/2-1/2

[Event "SF Essen-Katernberg  2 - SC Siegburg 1"]
[Site "NRW-Klasse. Gruppe 2 2017/201"]
[Date "2018.03.11"]
[Round "7.8"]
[White "Rosen, Willy"]
[Black "Brenner, Ulrich"]
[Result "1-0"]
[WhiteElo "2057"]
[BlackElo "1784"]
[PlyCount "85"]
[EventDate "2018.??.??"]
[WhiteTeam "SF Essen-Katernberg  2"]
[BlackTeam "SC Siegburg 1"]

1. e4 e5 2. Nf3 Nc6 3. d3 Nf6 4. Be2 Be7 5. O-O O-O 6. c3 d6 7. Nbd2 Re8 8. Qc2
Bg4 9. h3 Bh5 10. g4 Bg6 11. Nh4 Qd7 12. Ndf3 Bf8 13. Bg5 Be7 14. Kh1 h6 15.
Be3 Bh7 16. Nf5 Bf8 17. Rg1 Ne7 18. Rg2 Ng6 19. Rag1 Kh8 20. h4 Nf4 21. Bxf4
exf4 22. Qd2 g6 23. N5d4 c5 24. Nc2 Qe6 25. Qxf4 Nd7 26. c4 Bg7 27. Ne3 Qf6 28.
Qxf6 Bxf6 29. Nd5 Bd8 30. g5 h5 31. Nd2 Nb6 32. f4 Nxd5 33. cxd5 f5 34. exf5
gxf5 35. Bxh5 Re3 36. Rg3 Re7 37. Bf3 b5 38. g6 Bg8 39. Rg5 Kg7 40. h5 Re3 41.
R5g2 Ba5 42. h6+ Kxh6 43. g7 1-0

[Event "LSV Turm Lippstadt 1 - SC Siegburg 1"]
[Site "NRW-Klasse. Gruppe 2 2017/201"]
[Date "2018.04.08"]
[Round "8.1"]
[White "Zubarev, Alexander"]
[Black "Wehmeier, Stefan"]
[Result "1-0"]
[WhiteElo "2531"]
[BlackElo "2345"]
[PlyCount "107"]
[EventDate "2018.??.??"]
[WhiteTeam "SC Siegburg 1"]
[BlackTeam "LSV Turm Lippstadt 1"]

1. Nf3 d5 2. c4 e6 3. g3 Nf6 4. Bg2 Be7 5. b3 O-O 6. Bb2 c5 7. e3 b5 8. cxd5
Nxd5 9. O-O Bb7 10. Qe2 Nc6 11. Nc3 Nxc3 12. dxc3 Qb6 13. Nd2 Rfd8 14. c4 Nb4
15. cxb5 Bxg2 16. Kxg2 Nd3 17. Bc3 Qxb5 18. Nc4 Qc6+ 19. f3 Bf6 20. Bxf6 gxf6
21. Rad1 Ne5 22. Rc1 Rd5 23. Nxe5 fxe5 24. Rf2 Rad8 25. Qc4 Qd6 26. Rcc2 f5 27.
e4 Rd4 28. Qxc5 fxe4 29. fxe4 Qxc5 30. Rxc5 Rxe4 31. Rc7 a5 32. Ra7 a4 33. bxa4
Rf8 34. Rxf8+ Kxf8 35. Kf3 Rc4 36. g4 h6 37. h4 Rf4+ 38. Kg3 Rc4 39. h5 Rc3+
40. Kh4 e4 41. Rh7 e3 42. Rxh6 Kf7 43. Rh7+ Kf6 44. Rb7 Ra3 45. g5+ Kf5 46.
Rf7+ Ke4 47. Kg3 Rxa2 48. Rf4+ Ke5 49. Rh4 Rf2 50. h6 Rf8 51. h7 e2 52. Rh1 Kf5
53. Kf2 Kxg5+ 54. Kxe2 1-0

[Event "LSV Turm Lippstadt 1 - SC Siegburg 1"]
[Site "NRW-Klasse. Gruppe 2 2017/201"]
[Date "2018.04.08"]
[Round "8.2"]
[White "Wagner, Alexej"]
[Black "Andreev, Eduard"]
[Result "0-1"]
[WhiteElo "2231"]
[BlackElo "2383"]
[PlyCount "60"]
[EventDate "2018.??.??"]
[WhiteTeam "LSV Turm Lippstadt 1"]
[BlackTeam "SC Siegburg 1"]

1. d4 Nf6 2. c4 e6 3. Nc3 Bb4 4. Qc2 O-O 5. Nf3 d6 6. Bd2 b6 7. e4 c5 8. Bd3
cxd4 9. Nxd4 Bb7 10. O-O Nbd7 11. f3 Ne5 12. Kh1 Rc8 13. b3 a6 14. a3 Bc5 15.
Nde2 d5 16. exd5 Nxd3 17. Qxd3 exd5 18. cxd5 Nxd5 19. Nxd5 Qxd5 20. Qxd5 Bxd5
21. b4 Be7 22. Rfc1 Bc4 23. Ng3 f5 24. Bc3 g6 25. Kg1 Rfd8 26. Kf2 Bh4 27. f4
Rd3 28. Be1 Bf6 29. Rab1 Bd4+ 30. Ke2 Re8+ 0-1

[Event "LSV Turm Lippstadt 1 - SC Siegburg 1"]
[Site "NRW-Klasse. Gruppe 2 2017/201"]
[Date "2018.04.08"]
[Round "8.3"]
[White "Schmidt, Bodo"]
[Black "Hecht, Carsten"]
[Result "1/2-1/2"]
[WhiteElo "2286"]
[BlackElo "2252"]
[PlyCount "37"]
[EventDate "2018.??.??"]
[WhiteTeam "SC Siegburg 1"]
[BlackTeam "LSV Turm Lippstadt 1"]

1. d4 Nf6 2. Nf3 g6 3. c4 Bg7 4. e3 O-O 5. Be2 d5 6. cxd5 Nxd5 7. e4 Nb6 8. O-O
Bg4 9. Nbd2 c5 10. dxc5 N6d7 11. Qc2 Qc7 12. Nb3 a5 13. Be3 a4 14. Nbd4 Qxc5
15. Qd2 Qa5 16. Rac1 Qxd2 17. Bxd2 Nc6 18. Nxc6 bxc6 19. Bc3 1/2-1/2

[Event "LSV Turm Lippstadt 1 - SC Siegburg 1"]
[Site "NRW-Klasse. Gruppe 2 2017/201"]
[Date "2018.04.08"]
[Round "8.4"]
[White "Kruse, Janik"]
[Black "Kolkin, Michail"]
[Result "1/2-1/2"]
[WhiteElo "2073"]
[BlackElo "2311"]
[PlyCount "90"]
[EventDate "2018.??.??"]
[WhiteTeam "LSV Turm Lippstadt 1"]
[BlackTeam "SC Siegburg 1"]

1. d4 e6 2. c4 f5 3. Nc3 Nf6 4. Nf3 d5 5. Bf4 c6 6. e3 Bd6 7. Bxd6 Qxd6 8. Bd3
O-O 9. Qc2 Ne4 10. Ne5 Nd7 11. f4 Nxe5 12. fxe5 Qe7 13. O-O Bd7 14. Bxe4 fxe4
15. Rxf8+ Rxf8 16. Rf1 Rxf1+ 17. Kxf1 Be8 18. Qf2 b5 19. c5 b4 20. Ne2 a5 21.
h4 Bh5 22. Nf4 Bg4 23. h5 Qg5 24. Ke1 Bf5 25. Kd2 h6 26. Kc2 Bg4 27. Kd2 Bxh5
28. Qf1 Bg4 29. Kc2 Kh7 30. Kb3 Qf5 31. Qe1 g5 32. Ne2 Qf7 33. Nc1 h5 34. a3
bxa3 35. Kxa3 h4 36. Nb3 h3 37. gxh3 Bxh3 38. Qg3 g4 39. Nxa5 Kg6 40. Qh4 Qf1
41. Qh8 Qa1+ 42. Kb3 Qxa5 43. Qf6+ Kh5 44. Qh8+ Kg5 45. Qf6+ Kh5 1/2-1/2

[Event "LSV Turm Lippstadt 1 - SC Siegburg 1"]
[Site "NRW-Klasse. Gruppe 2 2017/201"]
[Date "2018.04.08"]
[Round "8.5"]
[White "Varitski, Igor"]
[Black "Grobbel, Rainer"]
[Result "1-0"]
[WhiteElo "2220"]
[BlackElo "2116"]
[Annotator "Daniel"]
[PlyCount "111"]
[EventDate "2018.??.??"]
[WhiteTeam "SC Siegburg 1"]
[BlackTeam "LSV Turm Lippstadt 1"]

1. e4 c5 2. c3 d5 3. exd5 Qxd5 4. d4 Nc6 5. Nf3 Bg4 6. Be2 e6 7. O-O Nf6 8. Na3
cxd4 9. Nb5 Rc8 10. Nbxd4 Be7 11. Nxc6 Qxd1 $11 12. Bxd1 bxc6 13. Ne5 Bxd1 14.
Rxd1 O-O 15. Bg5 Rc7 16. Rd3 Rfc8 17. Rad1 h6 18. Bf4 Rb7 19. Nc4 Kf8 20. Nd6
Bxd6 21. Bxd6+ Ke8 22. b3 Rd7 23. Be5 Rxd3 24. Rxd3 Ke7 25. Bxf6+ gxf6 26. Kf1
f5 27. Rh3 Rh8 28. Ke2 Rg8 29. g3 Rg6 30. Rh4 Rg8 31. Rxh6 Rd8 32. Rh4 e5 33.
Rh6 Rc8 34. Ke3 c5 35. Ra6 Rc7 36. c4 f6 37. h4 Kf7 38. h5 Kg7 39. f3 Kf7 40.
Rd6 Ke7 41. Rd5 Ke6 42. g4 f4+ 43. Ke4 Rc8 44. h6 Rc7 45. Rd8 Rh7 46. Ra8 Rxh6
47. Rxa7 Rh2 48. Ra6+ Ke7 49. Kf5 Rf2 50. Rxf6 Rxf3 51. Kxe5 Rf2 52. Rxf4 Rxa2
53. Kd5 Rb2 54. Rf3 Rg2 55. Kxc5 Rxg4 56. Rd3 1-0

[Event "LSV Turm Lippstadt 1 - SC Siegburg 1"]
[Site "NRW-Klasse. Gruppe 2 2017/201"]
[Date "2018.04.08"]
[Round "8.6"]
[White "Kuckling, Hannah"]
[Black "Okrajek, Alexander"]
[Result "1/2-1/2"]
[WhiteElo "2090"]
[BlackElo "2084"]
[PlyCount "91"]
[EventDate "2018.??.??"]
[WhiteTeam "LSV Turm Lippstadt 1"]
[BlackTeam "SC Siegburg 1"]

1. e4 g6 2. d4 Bg7 3. Nc3 d6 4. Be3 a6 5. Qd2 b5 6. Nge2 Bb7 7. f3 Nd7 8. g4 c5
9. h4 h5 10. gxh5 Rxh5 11. Ng3 Rh8 12. h5 cxd4 13. Bxd4 Ne5 14. Be2 Nf6 15. h6
Bf8 16. O-O-O e6 17. Bxe5 dxe5 18. Qg5 Nd7 19. Qe3 Qb6 20. Qxb6 Nxb6 21. h7 Be7
22. a3 Rd8 23. Rxd8+ Bxd8 24. Nxb5 axb5 25. Bxb5+ Kf8 26. a4 Kg7 27. a5 Nc8 28.
a6 Ba8 29. c4 Rxh7 30. Rxh7+ Kxh7 31. b4 Nd6 32. Kc2 f5 33. Bd7 Nxc4 34. Bxe6
f4 35. Nf1 Nb6 36. b5 Kg7 37. Kb3 Kf6 38. Bg4 Ke7 39. Nd2 Kd6 40. Nc4+ Nxc4 41.
Kxc4 Bb6 42. Bh3 g5 43. Bg4 Bd4 44. Bf5 Kc7 45. Bg4 Kb6 46. Bf5 1/2-1/2

[Event "LSV Turm Lippstadt 1 - SC Siegburg 1"]
[Site "NRW-Klasse. Gruppe 2 2017/201"]
[Date "2018.04.08"]
[Round "8.7"]
[White "Breest, Axel"]
[Black "Finke, Tobias"]
[Result "1/2-1/2"]
[WhiteElo "1872"]
[BlackElo "1946"]
[PlyCount "27"]
[EventDate "2018.??.??"]
[WhiteTeam "SC Siegburg 1"]
[BlackTeam "LSV Turm Lippstadt 1"]

1. e4 e5 2. Nc3 Nc6 3. Bc4 Nf6 4. d3 Bb4 5. Nge2 d5 6. exd5 Nxd5 7. O-O Nb6 8.
Bb3 O-O 9. Ne4 Bf5 10. N2g3 Bxe4 11. Nxe4 Nd4 12. Qh5 Nxb3 13. axb3 f6 14. f4
1/2-1/2

[Event "LSV Turm Lippstadt 1 - SC Siegburg 1"]
[Site "NRW-Klasse. Gruppe 2 2017/201"]
[Date "2018.04.08"]
[Round "8.8"]
[White "Fecke, Andreas"]
[Black "Steffens, Klaus"]
[Result "1-0"]
[WhiteElo "2059"]
[BlackElo "1864"]
[Annotator "Daniel"]
[PlyCount "91"]
[EventDate "2018.??.??"]
[WhiteTeam "LSV Turm Lippstadt 1"]
[BlackTeam "SC Siegburg 1"]

1. e4 d6 2. f4 g6 3. Nf3 Bg7 4. Bc4 c6 5. Bb3 Nf6 6. Qe2 O-O 7. O-O Nbd7 8. c3
e5 9. d3 exf4 10. Bxf4 Nc5 11. Bc2 Bg4 12. Nbd2 Ne6 13. Be3 Qc7 14. Qf2 Bxf3
$11 15. Qxf3 h5 16. h3 Rad8 17. Qg3 Rfe8 18. Rf2 Rd7 19. Raf1 Nh7 20. Bb3 Nhf8
21. Qf3 Qd8 22. g4 h4 23. d4 a6 24. Rg2 d5 25. g5 Nh7 26. Qg4 c5 27. e5 cxd4
28. cxd4 Qb6 29. Nf3 Nef8 30. Ba4 Re6 31. Bxd7 Nxd7 32. Re2 Nhf8 33. Nxh4 Qb5
34. Ref2 Re7 35. Ng2 Ne6 36. h4 Nb6 37. Rxf7 Rxf7 38. Rxf7 Kxf7 39. h5 Qe8 40.
h6 Bf8 41. b3 Be7 42. Nh4 Bd8 43. Nf5 gxf5 44. Qh5+ Kf8 45. Qxe8+ Kxe8 46. h7
1-0

[Event "Südlohner SV 1 - SF Essen-Katernberg  2"]
[Site "NRW-Klasse. Gruppe 2 2017/201"]
[Date "2018.04.08"]
[Round "8.1"]
[White "Bee, Marcus"]
[Black "Kolakovic, Klaudio"]
[Result "1-0"]
[WhiteElo "2109"]
[BlackElo "2042"]
[PlyCount "111"]
[EventDate "2018.??.??"]
[WhiteTeam "SF Essen-Katernberg  2"]
[BlackTeam "Südlohner SV 1"]

1. Nf3 c5 2. c4 Nc6 3. g3 e5 4. Nc3 g6 5. Bg2 Bg7 6. O-O d6 7. a3 Nge7 8. Rb1
O-O 9. b4 Rb8 10. d3 h6 11. Ne1 f5 12. Nd5 Be6 13. Nc2 Qd7 14. Nce3 f4 15.
Nxe7+ Nxe7 16. Nd5 Bxd5 17. cxd5 cxb4 18. Rxb4 a5 19. Qa4 Qxa4 20. Rxa4 fxg3
21. hxg3 b6 22. e4 Rfc8 23. Be3 Rc7 24. Rb1 Rcb7 25. Bh3 Kf7 26. Be6+ Kf8 27.
Rb5 g5 28. Rc4 Ke8 29. Kg2 Bf6 30. Rc1 Kd8 31. Rh1 Bg7 32. a4 Ng6 33. Rhb1 Kc7
34. Rc1+ Kd8 35. Rc6 Bf8 36. Bxb6+ Ke8 37. Rc8+ Rxc8 38. Bxc8 Rb8 39. Be6 Be7
40. Bf5 Nf8 41. Bxa5 Ra8 42. g4 Nd7 43. Bxd7+ Kxd7 44. Kf3 Ra7 45. Ke3 Ra8 46.
Kd2 Ra7 47. Kc3 Ra8 48. Kb3 Kc8 49. Kb4 Bf6 50. Rb6 Bd8 51. Rc6+ Kb7 52. Bxd8
Rxd8 53. a5 Rf8 54. Rxd6 Rxf2 55. Rxh6 Rb2+ 56. Kc5 1-0

[Event "Südlohner SV 1 - SF Essen-Katernberg  2"]
[Site "NRW-Klasse. Gruppe 2 2017/201"]
[Date "2018.04.08"]
[Round "8.2"]
[White "Doennebrink, Elmar"]
[Black "Gassmann, Volker"]
[Result "0-1"]
[WhiteElo "2060"]
[BlackElo "2124"]
[PlyCount "74"]
[EventDate "2018.??.??"]
[WhiteTeam "Südlohner SV 1"]
[BlackTeam "SF Essen-Katernberg  2"]

1. e4 e6 2. d4 d5 3. Nc3 Nf6 4. Bg5 Bb4 5. e5 h6 6. Bd2 Bxc3 7. bxc3 Ne4 8. Bd3
Nxd2 9. Qxd2 c5 10. f4 Nc6 11. Nf3 Qa5 12. dxc5 Qxc5 13. Nd4 O-O 14. Nb3 Qb6
15. Qf2 Qxf2+ 16. Kxf2 b6 17. c4 dxc4 18. Bxc4 Rd8 19. Rhd1 Bb7 20. a3 Kf8 21.
Be2 Rac8 22. Bf3 Ke7 23. Ke1 Rc7 24. Rd2 g5 25. g3 Rxd2 26. Kxd2 Nxe5 27. Bxb7
Nc4+ 28. Kd3 Nb2+ 29. Ke4 Rxb7 30. Nd4 f5+ 31. Kf3 g4+ 32. Ke2 Rc7 33. Rb1 Na4
34. Rb4 Nc3+ 35. Ke1 h5 36. Rb3 Rc4 37. Kf1 Kf6 0-1